Statistics for Animated Films

Click here to take the quiz!

General Stats

  • This quiz has been taken 17 times
  • The average score is 9 of 15

Answer Stats

DescriptionAnswer% Correct
The story of a young deer growing up in the forestBambi
100%
A fat panda becomes dragon warriorKung Fu Panda
100%
A man raised by gorillas must decide where he really belongs when he discovers he is a humanTarzan
92%
A young kid travels to the world of the dead and plays the guitarCoco
85%
A domesticated macaw from minnesota goes on an adventure to Rio de JaneiroRio
85%
A rookie bunny cop and a cynical con artist fox must work together to uncover a conspiracyZootopia
85%
A dog star of an action show that believes his powers are realBolt
69%
Chameleon who accidentally winds up in a lawless outpost in the Wild West in desperate need of a new sheriffRango
69%
A caveman family must travel through a fantastical world to escape the end of the worldThe croods
69%
When a young Inuit hunter needlessly kills a bear, he is magically changed into a bear himself as punishmentBrother bear
54%
The time-travelling adventures of an advanced canine and his adopted sonMr Peabody and Sherman
38%
A wild stallion is captured by humans and slowly loses the will to resist trainingSpirit
38%
An outcast Husky risks his life with other sled dogs to prevent a deadly epidemic from ravaging Nome, AlaskaBalto
23%
A new mailman befriends a lumberjack in a city amidst a feud between two old familiesKlaus
8%
Young boy must locate a magical suit of armour worn by his late father in order to defeat a vengeful spirit from the pastKubo and the two strings
8%

Score Distribution

Percentile by Number Answered

Percent of People with Each Score

Your Score History

You have not taken this quiz